000 00666nam a2200241Ia 4500
003 OSt
005 20220928124006.0
006 a|||||r|||| 00| 0
007 ta
008 220927b |||||||| |||| 00| 0 eng d
024 _a75095
037 _cTextual
040 _aSDCL
_cSDCL
_beng
041 _2eng
_aeng
082 _aV2'D7, K5
100 _aAuboyer Jeannine
_9463053
245 0 _aDaily life in ancient India from approximately 200 B C to 700 A D.Tr by Simon Watson Taylor
260 _aAsia
_c1965
300 _axv,344p
_ccm.
490 _aDaiy life series
942 _hV2'D7, K5
_cTEXL
_2CC
999 _c775999
_d775999